000
00269nam a22001217a 4500
008
180103b xxu||||| |||| 00| 0 eng d
041
_a
eng
080
_a
33
100
_a
52
101
_a
EKO
245
_a
ALTERNATIVES TO CONFRONTATION
_c
ARNOLD,V.L
942
_2
udc
_c
BK
999
_c
39618
_d
39618